Online katalóg knižníc regiónu Turca

Domáci lekár v otázkach a odpovediach (Record no. 22358)

MARC details
000 -LEADER
fixed length control field 02400nam a2200673 a 4500
001 - CONTROL NUMBER
control field 22358
003 - CONTROL NUMBER IDENTIFIER
control field VRT
005 - DATE AND TIME OF LATEST TRANSACTION
control field 20260326153203.0
008 - FIXED-LENGTH DATA ELEMENTS--GENERAL INFORMATION
fixed length control field 200507s2016 xo o g f 001 0 slo
015 ## - NATIONAL BIBLIOGRAPHY NUMBER
National bibliography number SNBA2017/01
020 ## - INTERNATIONAL STANDARD BOOK NUMBER
International Standard Book Number 9788080972318
Qualifying information (viazané)
035 ## - SYSTEM CONTROL NUMBER
System control number urn:nbn:sk:snk-am00e0bl
035 ## - SYSTEM CONTROL NUMBER
System control number urn:nbn:sk:snk-am3iadv
035 ## - SYSTEM CONTROL NUMBER
System control number 61138803-EB37-4539-8D46-465E40CD93AB
039 #9 - LEVEL OF BIBLIOGRAPHIC CONTROL AND CODING DETAIL [OBSOLETE]
Level of rules in bibliographic description 202202271353
Level of effort used to assign nonsubject heading access points AUTHORITY
Level of effort used to assign subject headings 202005070743
Level of effort used to assign classification VLOAD
Level of effort used to assign subject headings 201905311155
Level of effort used to assign classification AUTHORITY
Level of effort used to assign subject headings 201703231257
Level of effort used to assign classification msavuk02
040 ## - CATALOGING SOURCE
Original cataloging agency SNK
Language of cataloging slo
Transcribing agency SNK
Description conventions AACR2
041 1# - LANGUAGE CODE
Language code of text/sound track or separate title slo
Language code of original eng
044 ## - COUNTRY OF PUBLISHING/PRODUCING ENTITY CODE
MARC country code xo
ISO country code SK
072 #7 - SUBJECT CATEGORY CODE
Subject category code 613
Subject category code subdivision Hygiena. Ľudské zdravie
Source konspekt
080 ## - UNIVERSAL DECIMAL CLASSIFICATION NUMBER
Universal Decimal Classification number 613
Edition identifier 2011
080 ## - UNIVERSAL DECIMAL CLASSIFICATION NUMBER
Universal Decimal Classification number 616.1/.9
Edition identifier 2011
080 ## - UNIVERSAL DECIMAL CLASSIFICATION NUMBER
Universal Decimal Classification number 616-07
Edition identifier 2011
080 ## - UNIVERSAL DECIMAL CLASSIFICATION NUMBER
Universal Decimal Classification number 616-08
Edition identifier 2011
080 ## - UNIVERSAL DECIMAL CLASSIFICATION NUMBER
Universal Decimal Classification number 613.24
Edition identifier 2011
080 ## - UNIVERSAL DECIMAL CLASSIFICATION NUMBER
Universal Decimal Classification number 613:304.3
Edition identifier 2011
080 ## - UNIVERSAL DECIMAL CLASSIFICATION NUMBER
Universal Decimal Classification number (035)
Edition identifier 2011
240 10 - UNIFORM TITLE
Uniform title Instant Health Answers
Language of a work Slovensky
245 00 - TITLE STATEMENT
Title Domáci lekár v otázkach a odpovediach
Remainder of title príznaky, kúry, lieky, liečba, potraviny, doplnky, diéty, vyšetrenia
Statement of responsibility, etc. [Autori textu: Debra Gordon ... [et al.] ; Autor fotografií: Jonathan Pozniak ; z anglického originálu ... preložila Miriam Ghaniová]
250 ## - EDITION STATEMENT
Edition statement 1. vyd.
260 ## - PUBLICATION, DISTRIBUTION, ETC.
Place of publication, distribution, etc. Bratislava
Name of publisher, distributor, etc. Tarsago Slovensko
Date of publication, distribution, etc. 2016
300 ## - PHYSICAL DESCRIPTION
Extent 384 s.
Other physical details fotogr.
Dimensions 26 cm
504 ## - BIBLIOGRAPHY, ETC. NOTE
Bibliography, etc. note Reg.
650 07 - SUBJECT ADDED ENTRY--TOPICAL TERM
Topical term or geographic name entry element starostlivosť o zdravie
Source of heading or term SNKPH
650 07 - SUBJECT ADDED ENTRY--TOPICAL TERM
Topical term or geographic name entry element choroby
Source of heading or term SNKPH
650 07 - SUBJECT ADDED ENTRY--TOPICAL TERM
Topical term or geographic name entry element diagnostika (medicína)
Source of heading or term SNKPH
650 07 - SUBJECT ADDED ENTRY--TOPICAL TERM
Topical term or geographic name entry element terapia
Source of heading or term SNKPH
650 07 - SUBJECT ADDED ENTRY--TOPICAL TERM
Topical term or geographic name entry element Health care
Source of heading or term SNKPHeng
650 07 - SUBJECT ADDED ENTRY--TOPICAL TERM
Topical term or geographic name entry element Diseases
Source of heading or term SNKPHeng
650 07 - SUBJECT ADDED ENTRY--TOPICAL TERM
Topical term or geographic name entry element Medical diagnostics
Source of heading or term SNKPHeng
650 07 - SUBJECT ADDED ENTRY--TOPICAL TERM
Topical term or geographic name entry element Treatment
Source of heading or term SNKPHeng
650 07 - SUBJECT ADDED ENTRY--TOPICAL TERM
Topical term or geographic name entry element diéty
Source of heading or term SNKPH
650 07 - SUBJECT ADDED ENTRY--TOPICAL TERM
Topical term or geographic name entry element Diets
Source of heading or term SNKPHeng
650 07 - SUBJECT ADDED ENTRY--TOPICAL TERM
Topical term or geographic name entry element zdravý životný štýl
Source of heading or term SNKPH
650 07 - SUBJECT ADDED ENTRY--TOPICAL TERM
Topical term or geographic name entry element Healthy lifestyle
Source of heading or term SNKPHeng
655 #7 - INDEX TERM--GENRE/FORM
Genre/form data or focus term príručky
Source of term SNKPH
655 #7 - INDEX TERM--GENRE/FORM
Genre/form data or focus term Handbooks, manuals, etc.
Source of term SNKPHeng
700 1# - ADDED ENTRY--PERSONAL NAME
Personal name Gordon, Debra
Relationship aut
700 1# - ADDED ENTRY--PERSONAL NAME
Personal name Pozniak, Jonathan
Relationship pht
700 1# - ADDED ENTRY--PERSONAL NAME
Personal name Ghaniová, Miriam
Relationship trl
910 ## - USER-OPTION DATA (OCLC)
User-option data snk
910 ## - USER-OPTION DATA (OCLC)
User-option data savuk
942 ## - ADDED ENTRY ELEMENTS (KOHA)
Source of classification or shelving scheme Dewey Decimal Classification
Koha item type Odborná literatúra pre dospelých
Suppress in OPAC No
949 ## - LOCAL PROCESSING INFORMATION (OCLC)
6 17A1219496
a snkSB 91073
b snk2017/619
o 2781/16
s 6100:20170201
949 ## - LOCAL PROCESSING INFORMATION (OCLC)
6 17A1219497
a snkSB 91073 D1
b snk2017/620
o 2781/16
949 ## - LOCAL PROCESSING INFORMATION (OCLC)
6 270001000533769
a svkbbC 61810
b svkbbm 766121
949 ## - LOCAL PROCESSING INFORMATION (OCLC)
6 2889322301
a savukPV 23623
b savuk2017/918
949 ## - LOCAL PROCESSING INFORMATION (OCLC)
6 273K0626634
a svkpoC 58789
b svkpo623965
Holdings
Stav vyradenia Strata Poškodenie Spôsob nadobudnutia Domovská knižnica Aktuálna knižnica Dátum nadobudnutia Total checkouts Čiarový kód exemplára Date last seen Typ exemplára
      Dar Obecná knižnica Horná Štubňa Obecná knižnica Horná Štubňa 26.03.2026   9788080972318 26.03.2026 Odborná literatúra pre dospelých
Projekt je podporený Slovenskou asociáciou knižníc
Prevádzkuje Turčianska knižnica Martin 2026